=LDR 00000nam 2200000 4500 =001 INLIS000000000006251 =005 20251106085822 =035 ##$$a 0010-1125000125 =007 ta =008 251106###########################0#ind## =082 ##$$a 613.22 =084 ##$$a 613.22 BAD c =245 1#$$a Cara Penggunaan ASI yang Baik dan Benar dengan Mutu ASI yang Prima adalah Awal Membangun Generasi Muda yang Tangguh : $b - /$c Badan Koordinasi Keluarga Berencana Nasional =260 ##$:$b Badan Koordinasi Keluarga Berencana Nasional =300 ##$$a 6 hal : $b - ; $c 21 cm =650 #4$$a Keluarga Berencana =110 #$$a Badan Koordinasi Keluarga Berencana Nasional =856 ##$$a Perpustakaan Kemendukbangga